| 000 | 01164aam a22003611i 4500 | ||
|---|---|---|---|
| 999 |
_c5755 _d5755 |
||
| 001 | 021155400 | ||
| 003 | Uk | ||
| 005 | 20251029090609.0 | ||
| 006 | m || d | | ||
| 007 | cr ||||||||||| | ||
| 008 | 170310s2014 enk go 000 0 eng d | ||
| 015 |
_aGBC3E6868 _2bnb |
||
| 020 | _a9789357270175 | ||
| 040 |
_aNLE _beng _cNLE _dOCLCQ _dOCLCO _dOCL _dUKMGB _dOCLCA _dOCLCO _dUk _dKH8 _erda |
||
| 041 | 1 |
_aeng _hnor |
|
| 042 | _aukblsr | ||
| 082 | 0 | 4 |
_a839.8226 IBS _221 |
| 100 | 1 |
_aIbsen, Henrik, _d1828-1906 _eauthor. |
|
| 245 | 1 | 3 |
_aAn enemy of the people / _cHenrik Ibsen and translated by Farquharson Sharp. |
| 264 | 1 |
_aNew Delhi ; _bDouble 9 Books , _c2022. |
|
| 300 |
_a106 pages : _c21 cm. |
||
| 336 |
_atext _2rdacontent |
||
| 337 |
_acomputer _2rdamedia |
||
| 338 |
_aonline resource _2rdacarrier |
||
| 546 | _aTranslation from the Norwegian. | ||
| 650 | 0 |
_aDrama _y19th century. |
|
| 650 | 0 |
_aDrama _y20th century. |
|
| 650 | 6 |
_aThéâtre (Genre littéraire) _y19e siècle. |
|
| 650 | 6 |
_aThéâtre (Genre littéraire) _y20e siècle. |
|
| 650 | 7 |
_aDrama. _2fast _0(OCoLC)fst00897468 |
|
| 700 |
_aSharp, Farquharson, _etranslator. |
||
| 942 |
_2ddc _cTR |
||